Four decades of research on micro and secondary nutrients and pollutant elements in Andhra Pradesh (Record no. 44407)

MARC details
000 -LEADER
fixed length control field 00367nam a2200109Ia 4500
082 ## - DEWEY DECIMAL CLASSIFICATION NUMBER
Classification number 631.811(548.23)
Item number RAJ
100 ## - MAIN ENTRY--AUTHOR NAME
Personal name Raj, G B
245 #0 - TITLE STATEMENT
Title Four decades of research on micro and secondary nutrients and pollutant elements in Andhra Pradesh
260 ## - PUBLICATION, DISTRIBUTION, ETC. (IMPRINT)
Place of publication Bhopal
Name of publisher Indian Institute of Soil Science
Year of publication 2009
942 ## - ADDED ENTRY ELEMENTS (KOHA)
Koha item type Books
Holdings
Withdrawn status Lost status Damaged status Not for loan Home library Current library Date acquired Source of acquisition Full call number Accession Number Koha item type
        RRII Library RRII Library 16/12/2021 Gift 631.811(548.23) RAJ G01154 Books